Sports Quiz

Random Sports or Clickable Quiz

Why The Bears Got It Right Quiz Stats

 Plays Quiz not verified by Sporcle

Score 0/42 Timer 10:00
0 Plays Today
% Correct
Bares
71.7%
Pears
71.7%
Pairs
71.7%
Stares
71.7%
Swears
71.7%
Airs
69.6%
Chairs
69.6%
Flares
69.6%
Hares
69.6%
Mares
69.6%
Rares
69.6%
Spares
69.6%
Squares
69.6%
Scares
69.6%
Lairs
67.4%
Wears
67.4%
Errs
67.4%
There's
67.4%
Blares
65.2%
Glares
65.2%
Heirs
65.2%
% Correct
Pares
65.2%
Stairs
65.2%
Shares
65.2%
Snares
65.2%
Prayers
65.2%
Cares
63%
Dares
63%
Fares
63%
Hairs
63%
Tears
63%
Where's
63%
Chers
63%
Theirs
63%
Eres
63%
They'res
60.9%
Ares
56.5%
Fairs
54.3%
Wares
54.3%
Tares
52.2%
Flairs
52.2%
Nairs
47.8%

You're not logged in!

Compare scores with friends on all Sporcle quizzes.
OR
Log In

Sporcle TV

Today on Sporcle TV


Watch our educational content, quiz creation guides, and fun videos on Sporcle TV.

Show Comments

Extras

Top Quizzes Today


Score Distribution

Your Account Isn't Verified!

In order to create a playlist on Sporcle, you need to verify the email address you used during registration. Go to your Sporcle Settings to finish the process.

Report this User

Report this user for behavior that violates our Community Guidelines.

Details: